Statistics for Category Elimination - Geography that Starts with A

Click here to take the quiz!

General Stats

  • This quiz has been taken 118 times
  • The average score is 15 of 20

Answer Stats

Group#Category% Correct
Green32One-word geography starting with A *
98%
Green26... outside of Asia
98%
Green11... with over 4 million people ***
96%
Orange14Geography starting with but not ending with A *
93%
Blue26Geography starting with A with less than 9 letters *
93%
Purple28Non-African geography starting with A *
92%
Orange10... that is landlocked ****
89%
Green7... in the Americas
89%
Orange8... north of the equator *
88%
Blue9... within 1000 mi / 1500 km of French territory
88%
Orange3... with 9 or more letters
82%
Purple7... that is one of the largest 100 by area of its type (subdivision, city, country)
78%
Orange1... and containing ZAzerbaijan
75%
Blue4... with four (not necessarily distinct) vowels
71%
Purple5... containing N
71%
Purple2... with territory in one of the 10 largest deserts of the world *
56%
Purple1... and outside of the U.S.Argentina
47%
Blue2... containing G
46%
Blue1... and bordering the MediterraneanAlgeria
45%
Green1... and that is a cityAtlanta
41%

Score Distribution

Percentile by Number Answered

Percent of People with Each Score

Your Score History

You have not taken this quiz